A green profession? (Record no. 107351)

MARC details
000 -LEADER
fixed length control field 01354cam a22002775a 4500
001 - CONTROL NUMBER
control field L139793
008 - FIXED-LENGTH DATA ELEMENTS--GENERAL INFORMATION
fixed length control field 070808e20070717xxkd f 000 0 eng d
035 ## - SYSTEM CONTROL NUMBER
System control number (Sirsi) u139793
041 0# - LANGUAGE CODE
Language code of text/sound track or separate title eng
050 04 - LIBRARY OF CONGRESS CALL NUMBER
Classification number 333.72
100 1# - MAIN ENTRY--PERSONAL NAME
Personal name Dixon, Tim
245 02 - TITLE STATEMENT
Title A green profession?
Remainder of title RICS members and the sustainability agenda
Medium [electronic resource]
260 ## - PUBLICATION, DISTRIBUTION, ETC.
Place of publication, distribution, etc. London
Name of publisher, distributor, etc. RICS
Date of publication, distribution, etc. 2007
520 ## - SUMMARY, ETC.
Summary, etc. Presents research based on a major survey of 47 000 RICS members. Telephone interviews were conducted, and case studies undertaken across three major regions. Finds that property professionals consider sustainability issues highly relevant in their professional work. There is a variety of tools for sustainability used by RICS members globally. Most respondents feel that RICS has been effective in providing useful information. Addresses what barriers remain and how they can be broken down.
590 ## - LOCAL NOTE (RLIN)
Local note KA
651 #4 - SUBJECT ADDED ENTRY--GEOGRAPHIC NAME
Geographic name Europe
690 ## - LOCAL SUBJECT ADDED ENTRY--TOPICAL TERM (OCLC, RLIN)
Topical term or geographic name as entry element ABOUT RICS-STRUCTURE AND GOVERNANCE-POLICY
690 ## - LOCAL SUBJECT ADDED ENTRY--TOPICAL TERM (OCLC, RLIN)
Topical term or geographic name as entry element ENVIRONMENTAL AND LAND CONSULTANCY-SUSTAINABILITY
700 1# - ADDED ENTRY--PERSONAL NAME
Personal name Colantonio, Andrew
700 1# - ADDED ENTRY--PERSONAL NAME
Personal name Shears, David
700 1# - ADDED ENTRY--PERSONAL NAME
Personal name Gallimore, Paul
700 1# - ADDED ENTRY--PERSONAL NAME
Personal name Reed, Richard
700 1# - ADDED ENTRY--PERSONAL NAME
Personal name Wilkinson, Sara
856 40 - ELECTRONIC LOCATION AND ACCESS
Uniform Resource Identifier <a href="https://www.rics.org/Global/Downloads/AGreenProfession200706.pdf">https://www.rics.org/Global/Downloads/AGreenProfession200706.pdf</a>
Public note View the item free of charge at www.rics.org...
942 ## - ADDED ENTRY ELEMENTS (KOHA)
Suppress in OPAC 0
Holdings
Withdrawn status Lost status Source of classification or shelving scheme Damaged status Not for loan Home library Current library Shelving location Date acquired Total Checkouts Full call number Barcode Date last seen Copy number Price effective from Koha item type
    Dewey Decimal Classification     Virtual Virtual Online 08/08/2007   ONLINE PUBLICATION 139793-1001 06/08/2019 1 06/08/2019 Book